Schuldbücher und Rechnungen der Großschäffer und Lieger des Deutschen Ordens in Preußen. - Köln [u.a.] : Böhlau [Rezension]
| Titel: | Schuldbücher und Rechnungen der Großschäffer und Lieger des Deutschen Ordens in Preußen. - Köln [u.a.] : Böhlau [Rezension] |
|---|---|
| Verfasser: | |
| In: |
Vierteljahrschrift für Sozial- und Wirtschaftsgeschichte, Band 97, Heft 1 (2010), Seite 127 alle Artikel anzeigen |
| Veröffentlicht: | 2010 |
| Format: | Aufsatz |
| Sprache: | Deutsch |
X
alg: 39501425
001A $01999:12-11-16
001B $01999:04-08-21 $t21:02:08.000
001D $01999:12-11-16
001U $0utf8
001X $00
002@ $0Aox
003@ $0395014255
007A $0395014255 $aHEB
007T $0Herdc0062788m
010@ $ager
011@ $a2010
021A $aSchuldbücher und Rechnungen der Großschäffer und Lieger des Deutschen Ordens in Preußen. - Köln {[u.a.] : Böhlau [Rezension]
028A $710107977X $8Arnold, Udo$Z1940- [Tp1] $9135296307
031A $d97 $e1 $h127 $j2010
039B $aIn $8--Abvc--. Vierteljahrschrift für Sozial- und Wirtschaftsgeschichte. - Stuttgart : Steiner, 1903-. - ISSN 0042-5699 $x201000000970001873 $9047251867
039T $8--Acu--. Schuldbücher und Rechnungen der Großschäffer und Lieger des Deutschen Ordens in Preußen. - Köln {[u.a.] : Böhlau $9194307646
045F $a900.94382 $eDDC23BSB
045F/01 $a900
045F/03 $g4382
045F/03 $g43832
lok: 39501425 78
exp: 39501425 78 1 #EPN
201B/01 $018-11-16 $t13:26:18.000
201U/01 $0utf8
203@/01 $0791312860
208@/01 $a12-11-16 $be
209A/01 $a/ $f000 $x00
220C/01 $aTitelaufnehmer: pg
220C/01 $aHerkunft: HI Marburg
244Z/01 $2Trx $#Prusy Wschodnie i Zachodnie $8--Trx--Ost- und Westpreußen $x01 $939113373X
244Z/01 $2Trx $#arvustused $#recenzijos $#Reviews $#recenziók $#recenzje $#recenzie $#recenze $8--Trx--Rezensionen $x02 $9391357441
247C/01 $82080>Marburg/Lahn, Herder-Institut, Forschungsbibliothek, Bibliographieportal $9336309341
| LEADER | 00000caa a22000002c 4500 | ||
|---|---|---|---|
| 001 | 395014255 | ||
| 003 | DE-603 | ||
| 005 | 20210804210208.0 | ||
| 007 | tu | ||
| 008 | 161112s2010 xx |||| | u00||u|ger c | ||
| 035 | |a (DE-599)HEB395014255 | ||
| 040 | |a DE-603 |b ger |c DE-603 |d DE-603 | ||
| 041 | |a ger | ||
| 082 | 0 | 4 | |8 1\u |a 900.94382 |q DE-101 |2 23/BSB |
| 085 | |8 1\u |b 900 | ||
| 085 | |8 1\u |z 2 |s 4382 | ||
| 085 | |8 1\u |z 2 |s 43832 | ||
| 100 | 1 | |a Arnold, Udo |d 1940- |0 (DE-603)135296307 |0 (DE-588)10107977X |2 gnd | |
| 245 | 0 | 0 | |a Schuldbücher und Rechnungen der Großschäffer und Lieger des Deutschen Ordens in Preußen. - Köln [u.a.] : Böhlau [Rezension] |
| 264 | 0 | |c 2010 | |
| 773 | 0 | 8 | |i In |t Vierteljahrschrift für Sozial- und Wirtschaftsgeschichte |d Stuttgart : Steiner, 1903- |x 0042-5699 |g Band 97, Heft 1 (2010), Seite 127 |w (DE-603)047251867 |w (DE-600)200400-8 |
| 787 | 0 | 8 | |i Rezension von |t Schuldbücher und Rechnungen der Großschäffer und Lieger des Deutschen Ordens in Preußen |d Köln [u.a.] : Böhlau |h 24 cm |w (DE-603)194307646 |
| 924 | 0 | |9 2080 |a (DE-603)791312860 |b DE-2080 |c HES |d d |g / | |


